| 000 | 00525nam a2200181Ia 4500 | ||
|---|---|---|---|
| 001 | 11718 | ||
| 008 | 140331s9999 xx 000 0 und d | ||
| 020 | _a0-536-00518-9 | ||
| 040 | _cPK-LaUMT | ||
| 082 |
_a 306 _bPOR- |
||
| 100 | _aEmber, Carol R., J. Ed.; (Levinson, David), J. Ed. | ||
| 245 |
_aPortaits of culture : Ethnographic originals _cEmber, Carol R., J. Ed.; (Levinson, David), J. Ed.<>Ember, Melvin, Ed. |
||
| 260 | _c1998 | ||
| 300 | _a220 p. | ||
| 546 | _aEN | ||
| 700 | _aEmber, Melvin, Ed. | ||
| 942 | _cBK | ||
| 999 |
_c12573 _d12573 |
||